| 000 | 00703nam a22001937a 4500 | ||
|---|---|---|---|
| 005 | 20100813115918.0 | ||
| 010 | _aENG-100307 | ||
| 020 |
_a9788172085209 _c15.00 |
||
| 035 | _aEN-83839 | ||
| 037 | _bDBAD/PUB | ||
| 082 | _a230.35 | ||
| 100 |
_aGoldthwait John _913845 |
||
| 245 |
_aThe power of thoughts / _cby John Goldthywait |
||
| 260 |
_aPrasanthi Nilayam _bSri Sathya Sai Books & Publications Trust _c2008 |
||
| 270 |
_aPrasanthi Nilayam _bPrasanthi Nilayam _e515134 |
||
| 300 |
_aii, 78p. _c22cm (pbk) |
||
| 942 |
_2ddc _cEN _h230.35 _mGOL |
||
| 999 |
_c41576 _d41576 |
||